Statistics for Doctor Who Actors

Click here to take the quiz!

General Stats

  • This quiz has been taken 622 times
    (406 since last reset)
  • The average score is 21 of 37

Answer Stats

YearCharacterActor% Correct
2010-2013The DoctorMatt Smith
96%
2005-2010The DoctorDavid Tennant
96%
1974-1981The DoctorTom Baker
92%
1984-1986The DoctorColin Baker
92%
2013-PresentThe DoctorPeter Capaldi
90%
2005The DoctorChristopher Eccleston
89%
2005-2010Rose TylerBillie Piper
88%
2013The War DoctorJohn Hurt
87%
1963-1966The DoctorWilliam Hartnell
87%
1970-1974The DoctorJon Pertwee
85%
2006-2010Donna NobleCatherine Tate
83%
2010-2013Amy PondKaren Gillan
79%
1987-1996The DoctorSylvester McCoy
78%
1981-1984The DoctorPeter Davison
78%
1966-1969The DoctorPatrick Troughton
77%
1996The DoctorPaul McGann
75%
2010-2013Rory WilliamsArthur Darvill
72%
2005-2010Captain Jack HarknessJohn Barrowman
70%
2013-PresentClara OswaldJenna-Louise Coleman
69%
1973-2010Sarah Jane SmithElizabeth Sladen
67%
2007-2010The MasterJohn Simm
60%
2008-PresentRiver SongAlex Kingston
58%
2007-2010Martha JonesFreema Agyeman
55%
2006-2010Mickey SmithNoel Clarke
36%
1979-1981Romana (II)Lalla Ward
22%
1968-1989Brigadier Lethbridge-StewartNicholas Courtney
22%
1977-1978LeelaLouise Jameson
20%
1984-1986Peri BrownNicola Bryant
19%
1977-1978Romana (I)Mary Tamm
19%
1981-1989The MasterAnthony Ainley
19%
1980-1983AdricMatthew Waterhouse
17%
1981-1984Tegan JovankaJanet Fielding
14%
1981-1983NyssaSarah Sutton
14%
2005-2008Harriet JonesPenelope Wilton
13%
1963-1965Barbara WrightJacqueline Hill
13%
1968-1975Sergeant BentonJohn Levene
10%
1984-1988DavrosTerry Molloy
9%

Score Distribution

Percentile by Number Answered

Percent of People with Each Score

Your Score History

You have not taken this quiz since the last reset